Music Quiz

Random Music or Song Quiz
Score 0/100 Timer 12:00
0 Plays Today
Song Singer % Correct
Tiny DancerElton John
87.5%
Man In The MirrorMichael Jackson
86.2%
(You Make Me Feel Like) A Natural WomanAretha Franklin
86%
Instant KarmaJohn Lennon
85.2%
Sympathy for the DevilMick Jagger
83.1%
Maybe I'm AmazedPaul McCartney
82.7%
What's Going OnMarvin Gaye
81.7%
Suspicious MindsElvis Presley
81.4%
Georgia on My MindRay Charles
80.6%
What's Love Got to Do With ItTina Turner
80.4%
Johnny B. GoodeChuck Berry
77.6%
When Doves CryPrince
76.5%
Papa's Got a Brand New BagJames Brown
76.4%
MoondanceVan Morrison
76.4%
L.A. WomanJim Morrison
76%
Bridge Over Troubled WaterArt Garfunkel
75.4%
A Boy Named SueJohnny Cash
75.1%
Immigrant SongRobert Plant
73.8%
Maggie MayRod Stewart
73.4%
Lay Lady LayBob Dylan
72.1%
OneBono
71.7%
LithiumKurt Cobain
71%
Great Balls of FireJerry Lee Lewis
71%
Good Golly Miss MollyLittle Richard
69.7%
Paradise City Axl Rose
68.9%
You're My Best FriendFreddie Mercury
66.9%
Sweet EmotionSteven Tyler
66.4%
Sir DukeStevie Wonder
65.6%
Redemption SongBob Marley
65%
Rockin' in the Free WorldNeil Young
64.4%
Life On Mars?David Bowie
64.2%
Piece of My HeartJanis Joplin
63.8%
My GenerationRoger Daltrey
63.5%
Sweet Dreams (Are Made of This)Annie Lennox
62.8%
Song Singer % Correct
Saving All My Love for YouWhitney Houston
62.6%
Fire and RainJames Taylor
62.2%
Let's Stay TogetherAl Green
62.1%
Don't Stop Believin'Steve Perry
59.8%
At LastEtta James
58.5%
Only the LonelyRoy Orbison
57.3%
The Tracks of My TearsSmokey Robinson
57.2%
Proud MaryJohn Fogerty
57.2%
JoleneDolly Parton
56.9%
Son of a Preacher ManDusty Springfield
56.5%
On the Road AgainWillie Nelson
56.3%
Midnight Train To GeorgiaGladys Knight
55.3%
DesperadoDon Henley
54%
Don't Worry BabyBrian Wilson
53.1%
(Your Love Keeps Lifting Me) Higher and HigherJackie Wilson
52.8%
Try a Little TendernessOtis Redding
52.2%
CrazyPatsy Cline
48.2%
I'm So Lonesome I Could CryHank Williams
48%
The WandererDion
47.2%
FantasyMariah Carey
47%
HallelujahJeff Buckley
46.8%
Bring It on Home to MeSam Cooke
46.5%
BeautifulChristina Aguilera
46.5%
Girls in Their Summer ClothesBruce Springsteen
46%
He Stopped Loving Her TodayGeorge Jones
44%
GloriaPatti Smith
43%
Every Day I Have the BluesB.B. King
42.8%
Midnight RiderGregg Allman
42.7%
We've Only Just BegunKaren Carpenter
41.5%
Rave OnBuddy Holly
40.8%
I'm Your Hoochie Coochie ManMuddy Waters
39%
SherryFrankie Valli
37.2%
The House of the Rising SunEric Burdon
36.6%
Thank You (Falletinme Be Mice Elf Again)Sly Stone
35.8%
Song Singer % Correct
Fake Plastic TreesThom Yorke
35.7%
In the Midnight HourWilson Pickett
35.4%
Be My BabyRonnie Spector
35%
Stand BackStevie Nicks
34.1%
Gimme Some LovinSteve Winwood
33.2%
Search and DestroyIggy Pop
31.6%
The WeightLevon Helm
29.6%
All Right NowPaul Rodgers
28.7%
It's Oh So QuietBjork
27.9%
Satellite of LoveLou Reed
27.3%
William, It Was Really NothingMorrissey
26.9%
Raised on RobberyJoni Mitchell
25.4%
People Get ReadyCurtis Mayfield
23.8%
Boom BoomJohn Lee Hooker
22.8%
Downtown TrainTom Waits
22.8%
On My OwnPatti LaBelle
22.5%
Real LoveMary J Blige
21.6%
Soul ManSam Moore
21.5%
I Asked for Water (She Gave Me Gasoline)Howlin' Wolf
21.2%
I'll Take You ThereMavis Staples
21.2%
Cry Me a RiverJoe Cocker
20.4%
Ain't Too Proud to BegDavid Ruffin
20.3%
The Bottle Let Me DownMerle Haggard
18.2%
Where Is The LoveDonny Hathaway
17.9%
He's A RebelDarlene Love
17.7%
Never Too MuchLuther Vandross
17.3%
I Wish Knew How It Would Feel to Be FreeNina Simone
16.2%
Love Me Like A ManBonnie Raitt
15.5%
Cry to MeSolomon Burke
15.5%
When Will I Be LovedThe Everly Brothers
12.4%
Pressure DropToots Hibbert
11.2%
I Pity the FoolBobby 'Blue' Bland
8.7%
Remove Ads.
Support Sporcle.
Get the best of Sporcle when you Go Orange. This ad-free experience offers more features, more stats, and more fun while also helping to support Sporcle. Thank you for becoming a member.

You're not logged in!

Compare scores with friends on all Sporcle quizzes.
OR
Log In

Show Comments

Extras

Top Quizzes Today


Score Distribution

Your Account Isn't Verified!

In order to create a playlist on Sporcle, you need to verify the email address you used during registration. Go to your Sporcle Settings to finish the process.

Report this User

Report this user for behavior that violates our Community Guidelines.

Details: